<?xml version="1.0" encoding="UTF-8"?>
<record
    xmlns:xsi="http://www.w3.org/2001/XMLSchema-instance"
    xsi:schemaLocation="http://www.loc.gov/MARC21/slim http://www.loc.gov/standards/marcxml/schema/MARC21slim.xsd"
    xmlns="http://www.loc.gov/MARC21/slim">

  <leader>00688nam a22001337a 4500</leader>
  <datafield tag="040" ind1=" " ind2=" ">
    <subfield code="c">RUA</subfield>
  </datafield>
  <datafield tag="082" ind1=" " ind2=" ">
    <subfield code="a">LMA SON 2023 B1-398 Or.1</subfield>
  </datafield>
  <datafield tag="100" ind1=" " ind2=" ">
    <subfield code="a">SONG HENGVIREAK BUTH &#x179F;&#x17BB;&#x1784; &#x17A0;&#x17C1;&#x1784;&#x179C;&#x17B7;&#x179A;&#x17C8;&#x1794;&#x17BB;&#x178F;&#x17D2;&#x179A;</subfield>
  </datafield>
  <datafield tag="245" ind1=" " ind2=" ">
    <subfield code="a">USING DRONE TO GENERATE ORTHOPHOTO MAPS AND ALTITUDE DATA (DTM)   &#x1780;&#x17B6;&#x179A;&#x1794;&#x17D2;&#x179A;&#x17BE;&#x1794;&#x17D2;&#x179A;&#x17B6;&#x179F;&#x17CB; &#x178A;&#x17D2;&#x179A;&#x17BC;&#x1793; &#x178A;&#x17BE;&#x1798;&#x17D2;&#x1794;&#x17B8;&#x1795;&#x179B;&#x17B7;&#x178F;&#x1795;&#x17C2;&#x1793;&#x1791;&#x17B8; &#x17A2;&#x17D0;&#x179A;&#x178F;&#x17BC;&#x17A0;&#x17D2;&#x179C;&#x17BC;&#x178F;&#x17BC; &#x1793;&#x17B7;&#x1784;&#x1791;&#x17B7;&#x1793;&#x17D2;&#x1793;&#x1793;&#x17D0;&#x1799;&#x179A;&#x1799;&#x17C8;&#x1780;&#x1798;&#x17D2;&#x1796;&#x179F;&#x17CB; &#x178C;&#x17B8;&#x1792;&#x17B8;&#x17A2;&#x17B9;&#x1798;</subfield>
  </datafield>
  <datafield tag="260" ind1=" " ind2=" ">
    <subfield code="a">RUA </subfield>
    <subfield code="b">PHNOM PENH</subfield>
    <subfield code="c">2023</subfield>
  </datafield>
  <datafield tag="300" ind1=" " ind2=" ">
    <subfield code="a">x</subfield>
    <subfield code="b">ill</subfield>
    <subfield code="c">29cm</subfield>
  </datafield>
  <datafield tag="856" ind1=" " ind2=" ">
    <subfield code="u">https://drive.google.com/file/d/1s8oWcr3qxeekkY22u7DHFzD8DOOYgMOc/view?usp=sharing</subfield>
  </datafield>
  <datafield tag="942" ind1=" " ind2=" ">
    <subfield code="c">LMA</subfield>
  </datafield>
  <datafield tag="999" ind1=" " ind2=" ">
    <subfield code="c">24928</subfield>
    <subfield code="d">24928</subfield>
  </datafield>
  <datafield tag="952" ind1=" " ind2=" ">
    <subfield code="0">0</subfield>
    <subfield code="1">0</subfield>
    <subfield code="4">0</subfield>
    <subfield code="6">LMA_SON_2023_000000000000000_B1398_OR_1</subfield>
    <subfield code="7">0</subfield>
    <subfield code="9">104708</subfield>
    <subfield code="a">LBB</subfield>
    <subfield code="b">LBB</subfield>
    <subfield code="c">B1.398</subfield>
    <subfield code="d">2025-05-13</subfield>
    <subfield code="o">LMA SON 2023 B1-398 Or.1</subfield>
    <subfield code="p">A082699</subfield>
    <subfield code="r">2025-05-13</subfield>
    <subfield code="y">LMA</subfield>
  </datafield>
  <datafield tag="952" ind1=" " ind2=" ">
    <subfield code="0">0</subfield>
    <subfield code="1">0</subfield>
    <subfield code="4">0</subfield>
    <subfield code="6">LMA_SON_2023_000000000000000_B1398_OR_2</subfield>
    <subfield code="7">0</subfield>
    <subfield code="9">104709</subfield>
    <subfield code="a">LBB</subfield>
    <subfield code="b">LBB</subfield>
    <subfield code="c">B1.398</subfield>
    <subfield code="d">2025-05-13</subfield>
    <subfield code="o">LMA SON 2023 B1-398 Or.2</subfield>
    <subfield code="p">A083119</subfield>
    <subfield code="r">2025-05-13</subfield>
    <subfield code="y">LMA</subfield>
  </datafield>
</record>
